Country Compass - Liechtenstein - Statistics

General Stats
  • This quiz has been taken 13 times
  • The average score is 11 of 13
Answer Stats
Country % Correct
France
100%
Denmark
90%
Italy
90%
Romania
90%
Sweden
90%
Ukraine
90%
United Kingdom
90%
Albania
80%
Hungary
80%
Kosovo
80%
Poland
80%
Serbia
80%
Spain
80%
No matching quizzes found
Score Distribution
Percent of People with Each Score
Percentile by Number Answered
Your Score History
You have not taken this quiz